A history of world agriculture : (Record no. 14981)

000 -LEADER
fixed length control field 00824cam a22002414a 4500
020 ## - INTERNATIONAL STANDARD BOOK NUMBER
ISBN 1583671218 (pbk.)
020 ## - INTERNATIONAL STANDARD BOOK NUMBER
ISBN 9781583671214 (pbk.)
020 ## - INTERNATIONAL STANDARD BOOK NUMBER
ISBN 1583671226 (cloth)
020 ## - INTERNATIONAL STANDARD BOOK NUMBER
ISBN 9781583671221 (cloth)
040 ## - CATALOGING SOURCE
Transcribing agency DLC
041 1# - LANGUAGE CODE
Language code of original and/or intermediate translations of text fre
082 00 - DEWEY DECIMAL CLASSIFICATION NUMBER
Classification number 630 MON 2006 A053 Co.
100 1# - MAIN ENTRY--AUTHOR NAME
Personal name Mazoyer, Marcel,
245 12 - TITLE STATEMENT
Title A history of world agriculture :
Remainder of title from the neolithic age to the current crisis /
260 ## - PUBLICATION, DISTRIBUTION, ETC. (IMPRINT)
Place of publication New York :
Name of publisher Monthly Review Press,
Year of publication c2006.
300 ## - PHYSICAL DESCRIPTION
Number of Pages 528 p. :
Other physical details ill., maps ;
Dimensions 23 cm.
650 #0 - SUBJECT ADDED ENTRY--TOPICAL TERM
Topical Term Agriculture
700 1# - ADDED ENTRY--PERSONAL NAME
Personal name Roudart, Laurence.
856 41 - ELECTRONIC LOCATION AND ACCESS
Uniform Resource Identifier http://www.loc.gov/catdir/toc/ecip056/2005000250.html
856 42 - ELECTRONIC LOCATION AND ACCESS
Uniform Resource Identifier http://www.loc.gov/catdir/enhancements/fy0807/2005000250-b.html
856 42 - ELECTRONIC LOCATION AND ACCESS
Uniform Resource Identifier http://www.loc.gov/catdir/enhancements/fy0807/2005000250-d.html
942 ## - ADDED ENTRY ELEMENTS (KOHA)
Koha item type សៀវភៅភាសាអង់គ្លេស
952 ## - LOCATION AND ITEM INFORMATION (KOHA)
Withdrawn status [LOCAL, KOHA] 0
952 ## - LOCATION AND ITEM INFORMATION (KOHA)
Withdrawn status [LOCAL, KOHA] 0
952 ## - LOCATION AND ITEM INFORMATION (KOHA)
Withdrawn status [LOCAL, KOHA] 0
952 ## - LOCATION AND ITEM INFORMATION (KOHA)
Withdrawn status [LOCAL, KOHA] 0
952 ## - LOCATION AND ITEM INFORMATION (KOHA)
Withdrawn status [LOCAL, KOHA] 0
Holdings
Permanent Location Date acquired Koha item type Lost status Shelving location Barcode Current Location Full call number
Library Block A2017-11-01សៀវភៅភាសាអង់គ្លេស A053A21706Library Block A630 MON 2006 A053 Co.
Library Block A2017-11-01សៀវភៅភាសាអង់គ្លេស A053A21789Library Block A630 MON 2006 A053 Co.
Library Block A2017-11-01សៀវភៅភាសាអង់គ្លេស A053A20991Library Block A630 MON 2006 A053 Co.
Library Block A2017-11-01សៀវភៅភាសាអង់គ្លេស A053A19579Library Block A630 MON 2006 A053 Co.
Library Block A2018-01-30សៀវភៅភាសាអង់គ្លេស A105A21896Library Block A630 MON 2006 A105 Co.
មជ្ឈមណ្ឌលឯការនៃសាកលវិទ្យាល័យភូមិន្ទកសិកម្មចំការដូង

Powered by Koha